000 02916nam a2200229Ia 4500
003 Ost
005 20260507075051.0
008 260507s9999||||xx |||||||||||||| ||und||
040 _cfsecg
041 _aara
082 _a337
100 _aحشيش، عادل أحمد
_eمؤلف
245 0 _aالعلاقات الإقتصادية الدولية :
_bدراسة لمظاهر ومشكلات الاقتصاد الدولى المعاصر وفقا للتطورات الطائلة على النظام الاقتصادى العالمى الجديد والمستجدات ذات العلاقة بمعالمه النقدية والمالية والتجارية /
_c عادل أحمد حشيش
260 _aالإسكندرية:
_bدار الجامعة الجديدة للنشر,
_c2000
300 _a371 صفحة؛
_bإيضاحات ؛
_c24 سم
504 _aبيبليوغرافيا: ص.350- 355
520 _aماهية وأهمية العلاقات الإقتصادية الدولية ومدى تميزها عن علاقات الإقتصاد الداخلي- أسس قيام التبادل الدولي فيما بين مختلف الدول والأهمية النسبية للتجارة الخارجية بالنسبة للإقتصاد القومي- الملامح والخصائص المحددة لطبيعة الإقتصاد العالمي المعاصر بمرعاة التطورات الطارئة على العلاقات الإقتصادية الدولية- تسجيل المعاملات الإقتصادية المترتبة على قيام التبادل الدولي بواسطة ميزان الدائنية والمديونية وميزان المدفوعات الدولية- تسوية المدفوعت الدولية من خلال سوق الصرف الأجنبي والنظم المتعارف عليها في تحديد أسعار العملات في هذه السوق- السيولة الدولية ودور صندوق النقد الدولي المتعلق بحل ما تثيره من مشكلات وما تتضمنه تسوية مدفوعات الدول المتقدمة والبلدان النامية- تمويل احتياجات التعمير والتنمية من خلال المؤسسات التابعة للبنك الدولي- السياسات التجارية الحاكمة للمبادلات الدولية واختلاف مضمونها بأختلاف النظم والأوضاع الإقتصادية السائدة- الوسائل والأساليب الفنية- اتفاقيات تحرير التجارة والمبادلات الدولية المعروفة بالنظام الجات- منظمة التجارة العالمية والمهام المسندة اليها في إدارة وتسيير المبادلات الدولية
653 _aإقتصاد دولي
653 _aالتجارة الخارجية
653 _aصندوق النقد الدولي
942 _cكتاب
999 _c42647
_d42647